Find the Cartoon Cats Quiz Stats

 Plays Quiz Updated Jun 17, 2017

Support Sporcle.
Go Orange.
Score 0/42 Timer 07:00
0 Plays Today
% Correct
Puss in
Boots
89.9%
Garfield
89.2%
Cat
in the Hat
88.7%
Tigger
88.2%
Scar
87.5%
Tony the Tiger
87.4%
Simba
86.2%
Sylvester
85.3%
Tom
84.1%
Cheshire Cat
83.1%
Pink Panther
78.4%
Catbus
77.4%
Stimpy
73.6%
Bagheera
72.7%
Hobbes
71.7%
Shere Khan
71.4%
Felix
the Cat
71.4%
Top Cat
71%
Duchess
68.9%
Marie
66.8%
Fat Cat
66.4%
% Correct
Oliver
64.8%
Diego
63.6%
Scratchy
63.1%
Lucifer
62.1%
Arlene
58.9%
Snowball II
58.2%
Figaro
57.9%
Pete
57.3%
Heathcliff
56.5%
Snagglepuss
49.8%
Cake
49.2%
Catbert
48.8%
Benny
42.3%
Penelope
Pussycat
40.9%
Azrael
40%
Bill
the Cat
36.8%
Bonkers D.
Bobcat
36.8%
Mr. Kitty
36.2%
M.A.D. Cat
34%
Butch
30.3%
Mr. Jinks
29%

You're not logged in!

Compare scores with friends on all Sporcle quizzes.
OR
Log In
Forgot?

From the Vault

Top Grossing 'O' Movies

by Sheldon

These offerings made outstanding profits.
Remove Ads.
Support Sporcle.
Get the best of Sporcle when you Go Orange. This ad-free experience offers more features, more stats, and more fun while also helping to support Sporcle. Thank you for becoming a member.

Show Comments

Extras

Top Quizzes Today


Score Distribution

Your Account Isn't Verified!

In order to create a playlist on Sporcle, you need to verify the email address you used during registration. Go to your Sporcle Settings to finish the process.

Report this User

Report this user for behavior that violates our Community Guidelines.

Details: